00420nam a2200169Ia 4500003000400000008004100004040001600045082002100061100002100082245004600103260002900149300001100178650001500189650001300204650001000217650002300227GCL140319s9999 xx 000 0 eng d aGCL / cGCL04aCHb823.087bD T1 aDICKENS, CHARLES10aA TALE OF TWO CITIES / cDICKENS, CHARLES a[S.N] : bLADYBURD BOOKS a50 P P04aLITERATURE04aCHILDREN04aTALES04aCHILDREN - STORIES